Movie MVPs: All-Time Critical Top 10s Quiz Stats

 Plays Quiz Updated Feb 14, 2014

Also try: AFI Top 100
Challenge
Share
Tweet
Embed
Score 0/50 Timer 10:00
2 Plays Today
Year & Director Movie % Correct
1972: Francis Ford CoppolaThe Godfather
91.9%
1974: Francis Ford CoppolaThe Godfather: Part II
88.4%
1941: Orson WellesCitizen Kane
82.5%
1994: Quentin TarantinoPulp Fiction
80.2%
2001-2003: Peter JacksonLord of the Rings
74.3%
2008: Christopher NolanThe Dark Knight
69.3%
1975: Steven SpielbergJaws
64.7%
1990: Martin ScorseseGoodfellas
63.7%
1993: Steven SpielbergSchindler's List
62.6%
1958: Alfred HitchcockVertigo
61.9%
1968: Stanley Kubrick2001: A Space Odyssey
60.6%
1977: Woody AllenAnnie Hall
60.3%
1954: Alfred HitchcockRear Window
57.1%
2010: Christopher NolanInception
56.7%
1980: Martin ScorseseRaging Bull
53.2%
1942: Michael CurtizCasablanca
53.1%
1939: Victor FlemingGone with the Wind
53%
1959: Alfred HitchcockNorth by Northwest
50.7%
1979: Francis Ford CoppolaApocalypse Now
50.3%
1981: Steven SpielbergRaiders of the Lost Ark
43.8%
1966: Sergio LeoneThe Good, the Bad, and the Ugly
43.5%
1946: Frank CapraIt's a Wonderful Life
43.3%
1954: Akira KurosawaThe Seven Samurai
42.6%
1999: David FincherFight Club
37.7%
1994: Frank DarabontThe Shawshank Redemption
37.7%
Year & Director Movie % Correct
1939: Victor FlemingThe Wizard of Oz
36.8%
1974: Roman PolanskiChinatown
33.9%
1975: Milos FormanOne Flew Over the Cuckoo's Nest
32.8%
1954: Elia KazanOn the Waterfront
31.8%
1959: Billy WilderSome Like It Hot
31.3%
1962: David LeanLawrence of Arabia
30.7%
1967: Mike NicholsThe Graduate
30.1%
1931: Charlie ChaplinCity Lights
27.7%
1980: Irwin KershnerThe Empire Strikes Back
24.8%
1963: Federico Fellini8 1|2
23.4%
1956: John FordThe Searchers
22.6%
1957: Sidney Lumet12 Angry Men
21.5%
1926: Buster KeatonThe General
19.5%
1950: Billy WilderSunset Blvd
18.1%
1925: Sergei EisensteinBattleship Potemkin
17.5%
1960: Federico FelliniLa Dolce Vita
15%
1952: Stanley Donen Singin' in the Rain
14.8%
1970: Franklin J. SchaffnerPatton
13.6%
1953: Yasujiro OzuTokyo Story
9.1%
1939: Jean RenoirThe Rules of the Game
8.7%
1972: Werner HerzogAguirre, the Wrath of God
8.6%
1927: F.W. MurnauSunrise
7.2%
1940: Howard HawksHis Girl Friday
5.9%
1989: Krzysztof KieĊ›lowskiThe Decalogue
5.9%
1988: Charles CrichtonA Fish Called Wanda
4.8%

You're not logged in!

Compare scores with friends on all Sporcle quizzes.
OR
Log In

You Might Also Like...

Show Comments

Extras

Top Quizzes Today


Score Distribution

Your Account Isn't Verified!

In order to create a playlist on Sporcle, you need to verify the email address you used during registration. Go to your Sporcle Settings to finish the process.

Report this User

Report this user for behavior that violates our Community Guidelines.

Details: